C programming : (Record no. 5997)
[ view plain ]
| 000 -LEADER | |
|---|---|
| fixed length control field | 01715cam a22004457i 4500 |
| 001 - CONTROL NUMBER | |
| control field | 17789133 |
| 003 - CONTROL NUMBER IDENTIFIER | |
| control field | OSt |
| 005 - DATE AND TIME OF LATEST TRANSACTION | |
| control field | 20260305152959.0 |
| 008 - FIXED-LENGTH DATA ELEMENTS--GENERAL INFORMATION | |
| fixed length control field | 130624t20142014inua 000 0 eng d |
| 010 ## - LIBRARY OF CONGRESS CONTROL NUMBER | |
| LC control number | 2013943628 |
| 016 7# - NATIONAL BIBLIOGRAPHIC AGENCY CONTROL NUMBER | |
| Record control number | 016303633 |
| Source | Uk |
| 020 ## - INTERNATIONAL STANDARD BOOK NUMBER | |
| International Standard Book Number | 0789751984 |
| 020 ## - INTERNATIONAL STANDARD BOOK NUMBER | |
| International Standard Book Number | 9780789751980 |
| 035 ## - SYSTEM CONTROL NUMBER | |
| System control number | 17789133 |
| 035 ## - SYSTEM CONTROL NUMBER | |
| System control number | (OCoLC)824734109 |
| 040 ## - CATALOGING SOURCE | |
| Original cataloging agency | YDXCP |
| Language of cataloging | eng |
| Transcribing agency | YDXCP |
| Description conventions | rda |
| Modifying agency | OCLCO |
| -- | UKMGB |
| -- | NZROP |
| -- | ZHC |
| -- | OCLCA |
| -- | ZHC |
| -- | OCLCA |
| -- | VP@ |
| -- | CRH |
| -- | OCLCF |
| -- | DLC |
| 042 ## - AUTHENTICATION CODE | |
| Authentication code | lccopycat |
| 050 00 - LIBRARY OF CONGRESS CALL NUMBER | |
| Classification number | QA76.73.C15 |
| Item number | .P4 2014 |
| 082 04 - DEWEY DECIMAL CLASSIFICATION NUMBER | |
| Classification number | 005.133 |
| Edition number | 23 |
| 100 1# - MAIN ENTRY--PERSONAL NAME | |
| Personal name | Perry, Greg M., |
| Relator term | author. |
| 240 10 - UNIFORM TITLE | |
| Uniform title | Absolute beginner's guide to C |
| 245 10 - TITLE STATEMENT | |
| Title | C programming : |
| Remainder of title | absolute beginner's guide / |
| Statement of responsibility, etc. | Greg Perry and Dean Miller. |
| 250 ## - EDITION STATEMENT | |
| Edition statement | Third edition |
| 264 #1 - PRODUCTION, PUBLICATION, DISTRIBUTION, MANUFACTURE, AND COPYRIGHT NOTICE | |
| Place of production, publication, distribution, manufacture | Indianapolis, Indiana : |
| Name of producer, publisher, distributor, manufacturer | Que, |
| Date of production, publication, distribution, manufacture, or copyright notice | [2014] |
| 264 #4 - PRODUCTION, PUBLICATION, DISTRIBUTION, MANUFACTURE, AND COPYRIGHT NOTICE | |
| Date of production, publication, distribution, manufacture, or copyright notice | ©2014 |
| 300 ## - PHYSICAL DESCRIPTION | |
| Extent | xiii, 337 pages : |
| Other physical details | illustrations ; |
| Dimensions | 24 cm. |
| 336 ## - CONTENT TYPE | |
| Content type term | text |
| Content type code | txt |
| Source | rdacontent |
| 337 ## - MEDIA TYPE | |
| Media type term | unmediated |
| Media type code | n |
| Source | rdamedia |
| 338 ## - CARRIER TYPE | |
| Carrier type term | volume |
| Carrier type code | nc |
| Source | rdacarrier |
| 500 ## - GENERAL NOTE | |
| General note | "Updated for C11"--Cover. |
| 500 ## - GENERAL NOTE | |
| General note | "No experience necessary!"--Cover. |
| 500 ## - GENERAL NOTE | |
| General note | Includes index. |
| 500 ## - GENERAL NOTE | |
| General note | "First printing: August 2013." |
| 505 0# - FORMATTED CONTENTS NOTE | |
| Formatted contents note | pt. I. Jumping right in -- pt. II. Putting C to work for you with operators and expressions -- pt. III. Fleshing out your programs -- pt. IV. Managing data with your C programs -- pt. V. Files and functions -- Appendix A. The ASCII Table -- Appendix B. The Draw Poker Program. |
| 650 #0 - SUBJECT ADDED ENTRY--TOPICAL TERM | |
| Topical term or geographic name entry element | C (Computer program language) |
| 700 1# - ADDED ENTRY--PERSONAL NAME | |
| Personal name | Miller, Dean, |
| Dates associated with a name | 2014 |
| Relator term | author. |
| 906 ## - LOCAL DATA ELEMENT F, LDF (RLIN) | |
| a | 7 |
| b | cbc |
| c | copycat |
| d | 2 |
| e | ncip |
| f | 20 |
| g | y-gencatlg |
| 942 ## - ADDED ENTRY ELEMENTS (KOHA) | |
| Source of classification or shelving scheme | |
| Koha item type | Book |
| Suppress in OPAC | LK |
| Withdrawn status | Lost status | Source of classification or shelving scheme | Damaged status | Not for loan | Permanent Location | Current Location | Shelving location | Date acquired | Source of acquisition | Total Checkouts | Full call number | Barcode | Date last seen | Price effective from | Koha item type | Public note |
|---|---|---|---|---|---|---|---|---|---|---|---|---|---|---|---|---|
| AU LIBRARY | AU LIBRARY | Open Shelf | 05.03.2026 | PURCHASE | QA76.73.C15 .P4 2014 | 28008429 | 05.03.2026 | 05.03.2026 | Book | LK |